000 00552nam a22002177a 4500
003 UA-OsUOA
001 61426
007 ta
008 20090706b un ||||| |||| 00| 0 ukr d
100 _aЛевицький В.
090 _a82
_bЛ37
942 _cSA
040 _aUA-OsUOA
_bukr
_cUA-OsUOA
_dUA-OsUOA
245 _aШістдесятництво: чи був Post Scriptum?
300 _aС.1
955 _a0
041 _aukr
080 _a82
773 0 _w61425
650 7 _a82 Література. Літературознавство
_2UDC
999 _c347784
_d347784